00480nam a2200157Ia 4500003000900000008004100009020001800050040001600068080001300084100001600097245010500113260003500218300001700253650004100270650001100311IN-BaIIA211028s9999 xx 000 0 eng d a0-12-264850-1 cIIA Library a535bFRA aFrancon, M. 0aOptical image formation and processingcM. Francon  aNew YorkbAcademic Pressc1979 axviii, 213p. aAstronomy and astrophysics thesaurus aOptics